| 000 | 01099nam a2200313 i 4500 | ||
|---|---|---|---|
| 003 | EG-GICUC | ||
| 005 | 20260425194343.0 | ||
| 008 | 260425s1993 fr ||||fr|||| 00| 0 fre d | ||
| 040 |
_aEG-GiCUC _bfre _cEG-GiCUC _dEG-GiCUC _eRda |
||
| 041 | 0 | _afre | |
| 082 | 0 | 4 |
_221 _a343.6 _bSZ . D |
| 092 | 0 | 4 | _221 |
| 099 | _aLaw1 10 343.6 SZ . D 1993 | ||
| 100 | 1 |
_aSzabo, Denis _eAuteur |
|
| 245 | 1 | 0 |
_aDe l’anthropologie à la criminologie comparée : _bquatre leçons au Collège de France (14, 21, 28 novembre – 5 décembre 1990) / _cpar Denis Szabo ; préface de Jacques Ruffié |
| 264 | 1 |
_aParis : _bLibrairie philosophique J. Vrin, _c1993. |
|
| 300 |
_a127 page ; _c 24 cm. |
||
| 336 |
_2rda contenu _a texte |
||
| 337 |
_2rda medias _aOrdinateur |
||
| 338 |
_2 transporteur rda _a Ressource en ligne |
||
| 504 | _aBibliography: pages 121 | ||
| 546 | _aTexte en français | ||
| 650 | 1 | 4 |
_aDroit criminel _2qrmak |
| 651 | 1 | _2qrmak | |
| 700 | 1 |
_aRuffié, Jacques _ePréfacier |
|
| 856 | 4 | 0 | _uhttps://fll.law.cu.edu.eg/fulltext/bks/B10-10567.pdf |
| 905 | _a74 | ||
| 942 |
_2ddc _n0 _cBK _e21 |
||
| 999 |
_c73307 _d73307 |
||